000
00249nam a2200097Ia 4500
008
231212s1999 xx 000 0 und d
041
_a
eng
100
_a
Sedha R.S.
245
_a
A Text Book Of Applied Electronics
260
_a
New Delhi
_b
S.Chand
_c
1999
999
_c
966658
_d
966658